000 00691nam a2200289Ia 4500
005 20260324141847.0
008 008 260324s9999 xx 000 0 eng d
020 _a9781315703664
037 _aEBOOK
040 _aCRL
040 _beng
040 _cCRL
041 _2eng
041 _aeng
084 _qCRL
100 _aDavid Welsh; Halina Birenbaum
_91209794
245 0 _aHope is the Last to Die
245 2 _bA Coming of Age Under Nazi Terror
260 _bTaylor and Francis
260 _c1996
365 _a
365 _b265
856 _uhttp://www.taylorfrancis.com/books/9781315703664
942 _cEBOOK
999 _c1813315
_d1813315